000 00647nam a2200193Ii 4500
003 JO-AjNU
008 230605s9999||||xx |||||||||||||| ||und||
040 _aJO-AjNU
_bara
_erda
_cJO-AjNU
041 _aara
050 1 4 _aPJ79692.E5.I27372 1986
100 3 _aتأليف إبسن،هنريك ؛ ترجمة سمير عزت نصار,
_eauthor
_919804
245 0 0 _aأعمدة الجتمع
264 3 1 _aعمان:دار النسر للنشر والتوزيع،1992
300 _a121ص
336 _atext
_btxt
_2rdacontent
337 _aunmediated
_bn
_2rdamedia
338 _avolume
_bnc
_2rdacarrier
650 4 _aمسرحيات مترجمة
_919805
999 _aA6600
_c10168
_d10168